书目信息 |
| 题名: |
《共产党宣言》句读
|
|
| 作者: | 林全民 著 | |
| 分册: | ||
| 出版信息: | 桂林 广西师范大学出版社 2020.04 |
|
| 页数: | 210页 | |
| 开本: | 20cm | |
| 丛书名: | ||
| 单 册: | ||
| 中图分类: | A811.22 | |
| 科图分类: | ||
| 主题词: | 马恩著作--学习 , 马恩著作研究 | |
| 电子资源: | ||
| ISBN: | 7-5598-2759-4 | |
| 000 | 00618nam0 2200205 450 | |
| 001 | 2259880006 | |
| 005 | 20220906163918.31 | |
| 010 | @a7-5598-2759-4@dCNY45.00 | |
| 100 | @a20220906d2020 km y0chiy0120 ea | |
| 101 | 0 | @achi |
| 102 | @aCN@b450000 | |
| 200 | 1 | @a《共产党宣言》句读@A《Gong Chan Dang Xuan Yan》Ju Du@f林全民著@FLin Quan Min Zhu |
| 210 | @a桂林@c广西师范大学出版社@d2020.04 | |
| 215 | @a210页@d20cm | |
| 606 | 0 | @a马恩著作@x学习 |
| 606 | 0 | @a马恩著作研究 |
| 690 | @aA811.22@v4 | |
| 701 | 0 | @a林全民@ALin Quan Min@4著 |
| 801 | 0 | @aCN@b大连网信软件有限公司图书馆·11@c20220906 |
| 905 | @aZUCC@dA811.22@e384 | |
| 《共产党宣言》句读/林全民著.-桂林:广西师范大学出版社,2020.04 |
| 210页;20cm |
| ISBN 7-5598-2759-4:CNY45.00 |
| ● |
| 相关链接 |
|
|
|
|
正题名:《共产党宣言》句读
索取号:A811.22/384
 
预约/预借
| 序号 | 登录号 | 条形码 | 馆藏地/架位号 | 状态 | 备注 |
| 1 | 1056716 | 210567162 | 第一样本阅览室/ [索取号:A811.22/384] | 在馆 |